|
|
|
|
| LEADER |
01120nam a2200277 i 4500 |
| 001 |
c000191847 |
| 003 |
CARM |
| 005 |
20021125001300.0 |
| 008 |
800722s1978 ve f00000 spa |
| 010 |
|
|
|a 79117690 //r97
|
| 019 |
1 |
|
|a 1770511
|5 LACONCORD2021
|
| 035 |
|
|
|a (OCoLC)6603332
|5 LACONCORD2021
|
| 050 |
0 |
0 |
|a PQ7797.C7145
|b Z473
|
| 082 |
0 |
0 |
|a 863
|2 19
|
| 100 |
1 |
|
|a Cortázar, Julio.
|
| 245 |
1 |
0 |
|a Nuevas viejas preguntas a Julio Cortázar /
|c [grabado por] Gustavo Luis Carrera ; [carátula, Víctor Suárez].
|
| 260 |
|
|
|a Caracas :
|b Facultad de Humanidades y Educación, Universidad Central de Venezuela,
|c 1978.
|
| 300 |
|
|
|a 25 p. ;
|c 21 x 22 cm.
|
| 490 |
1 |
|
|a Colección Encuentros
|
| 600 |
1 |
0 |
|a Cortázar, Julio
|x Interviews.
|
| 600 |
1 |
0 |
|a Cortázar, Julio
|x Criticism and interpretation.
|
| 700 |
1 |
|
|a Carrera, Gustavo Luis,
|
| 830 |
|
0 |
|a Colección Encuentros (Caracas)
|
| 852 |
8 |
|
|b CARM
|h A2:AG20H0
|i F01096
|p 0307950
|f BK
|
| 999 |
f |
f |
|i 11c9342c-2ca9-574f-a812-e20496fd644e
|s 7a077081-44e5-534b-9a57-0d2e97c215bd
|
| 952 |
f |
f |
|p Can circulate
|a CAVAL
|b CAVAL
|c CAVAL
|d CARM 1 Store
|e F01096
|f A2:AG20H0
|h Other scheme
|i book
|m 0307950
|